000 00960nam a2200277 i 4500
001 185028
003 SpMaBN
005 20240430105750.0
008 160307s1990 sp |||| |aspa d
020 _a84-264-1198-3
080 _a821.112.2(437)-94"19"
080 _a929 Kafka, Franz
100 0 _aKafka, Franz,
_d1883-1924
_967400
245 1 0 _aDiarios
_b: (1910-1923) /
_cFranz Kafka ; edición a cargo de Max Brod ; traducción de Feliu Formosa.
250 _a3ª ed.
260 _aBarcelona :
_bLumen,
_c1990.
300 _a439 p. ;
_c21 cm.
490 1 _aNovela. Palabra en el tiempo ;
_v198
594 _aTít. original: Tagebücher, 1910-1923.
600 0 4 _aKafka, Franz,
_d1883-1924
_967400
700 1 _aBrod, Max.
_931849
700 1 _aFormosa, Feliu,
_d1934-
_951759
830 0 _aNovela. Palabra en el tiempo ;
_v198
_9192261
852 _aES-MaACL
_jL-30249
_z. - Donat. Miguel A. Velasco
999 _c185028
_d185028